| 000 | 00981nam0a22002651 4500 | ||
|---|---|---|---|
| 001 | rc\3933827 | ||
| 005 | 20130415112945.3 | ||
| 021 |
_aRU _b[56-65696] |
||
| 035 | _a(NLR Aleph) 007916746 | ||
| 090 |
_a8132022 _c8132022 |
||
| 100 | _a20130415d1956 |||y0rusy50 ca | ||
| 101 | 0 | _arus | |
| 102 | _aRU | ||
| 105 | _aac z ||||| | ||
| 200 | 1 |
_aТворческий путь Ломоносова _fАкад. наук СССР. Ин-т истории естествознания и техники |
|
| 210 |
_aМосква _cГостехиздат _d1956 |
||
| 215 |
_a380 с., 4 л. портр. _cил. _d20 |
||
| 320 | _aБиблиогр. в примеч.: с. 332-369 | ||
| 700 | 1 |
_aКузнецов _bБ. Г. _gБорис Григорьевич |
|
| 702 | 1 |
_aЛомоносов _bМ. В. _f1711-1765 _gМихаил Васильевич _3RU\NLR\auth\772859 _4070 |
|
| 801 | 0 |
_aRU _bNLR _gpsbo |
|
| 801 | 1 |
_aRU _bELAR _2rusmarc |
|
| 852 |
_aNLR _jПр90 Г-3/36 |
||
| 942 | _cBOOK | ||
| 980 | _aNB | ||